Video Games by Year: 1982 - Statistics

General Stats
  • This quiz has been taken 36 times
  • The average score is 4 of 16
Answer Stats
Picture Answer % Correct
Q*bert
81%
Ms. Pac-Man
77%
E.T. the Extra-Terrestrial
52%
Pitfall!
52%
Donkey Kong Jr.
48%
Popeye
48%
Spider-Man
16%
Wabbit
6%
Bubbles
3%
Swimmer
3%
Dungeons of Daggorath
0%
Leprechaun
0%
Lost Tomb
0%
Name This Game and Win $10,000
0%
Reign of the Red Dragon
0%
Snake Byte
0%
No matching quizzes found
Score Distribution
Percent of People with Each Score
Percentile by Number Answered
Your Score History
You have not taken this quiz